000 00198nam a22000977a 4500
008 210707s2005 xx 000 0 und d
041 _aeng
082 _a052 COBR
245 _aCobra
260 _c2005
999 _c179724
_d179724